000 00600nam a2200229Ia 4500
003 OSt
005 20220918204115.0
006 a|||||r|||| 00| 0
007 ta
008 220917b |||||||| |||| 00| 0 eng d
024 _a111,039
037 _cTextual
040 _aARTS
_cARTS
_beng
041 _2eng
_aeng
082 _aV495:21wN17, K7
100 _aKim Chong Shin
_9110764
245 0 _aSeven years with Korea's Park Chung Hae
260 _aNA
_bNA
_c1967
650 _aHISTORY
942 _hV495:21wN17, K7
_cTEXL
_2CC
999 _c234388
_d234388